Ley de protección al ciudadano del exceso de requisitos y trámites administrativos y su reglamento (Registro nro. 7245)

Detalles MARC
000 -Cabecera
Campo de control de longitud fija 00706nam a22002537a 4500
005 - Fecha y hora de la última transacción
Campo de control 20250611143448.0
008 - Elementos de longitud fija--Información general
Campo de control de longitud fija 151006b2012 xxu||||| |||| 00| 0 spa d
020 ## - International Standard Book Number
Número Internacional Estándar del Libro (ISBN) 9789977135212
041 ## - Idioma
Código de idioma Español
082 ## - Clasificación Decimal Dewey
Número de clasificación 351.9 C8374L
100 ## - Entrada principal--Autor personal
Nombre personal Costa Rica. Leyes, decretos, etc.
245 ## - Título propiamente dicho
Título Ley de protección al ciudadano del exceso de requisitos y trámites administrativos y su reglamento
260 ## - Pie de imprenta
Lugar de publicación, distribución, etc. Costa Rica
260 ## - Pie de imprenta
Nombre del editor, distribuidor, etc. IJSA
260 ## - Pie de imprenta
Fecha de publicación, distribución, etc. 2012
300 ## - Descripción física
Extensión 72 páginas
490 ## - Serie
Título de la Serie temática general
650 ## - Materia general
Temática (materia general) COSTA RICA
650 ## - Materia general
Temática (materia general) ADMINISTRACIÓN PÚBLICA
650 ## - Materia general
Temática (materia general) BUROCRACIA
650 ## - Materia general
Temática (materia general) LEGISLACIÓN
650 ## - Materia general
Temática (materia general) SIMPLIFICACIÓN DE TRÁMITES
942 ## - Punto de acceso adicional KOHA
Tipo de ítem KOHA Libro
Fuente del sistema de clasificación o colocación Dewey Decimal Classification
Existencias
Signatura completa Código de barras Programa Académico Tipo de ítem
351.9 C8374L 19673 Temática General Libro